000 00726cam a22002291 4500
001 gs 55000171
003 DLC
005 20260227111402.0
008 720309s1955 xx 000 0 eng
010 _ags 55000171
035 _a(OCoLC)259931
040 _aDLC
_cOAkU
_dDLC
042 _apremarc
050 0 0 _aQE185
_b.A43 no. 31
100 1 _aRobinson, Stephen Clive,
_d1911-
245 1 0 _aMineralogy of uranium deposits, Goldfields, Saskatchewan.
260 _aOttawa,
_bE. Cloutier, Queen's printer,
_c1955.
300 _avii, 128 p.
_billus., map, diagr., tables.
410 2 0 _aGeological Survey of Canada.
_tBulletin
_v31
504 _a"References": p. 103-104.
650 0 _aUranium ores
_zSaskatchewan
_zGoldfields.
999 _c28953
_d28953